Revenue management for the hospitality industry (Record no. 395632)

MARC details
000 -LEADER
fixed length control field 00563 a2200217 4500
005 - DATE & TIME
control field 20260412110926.0
008 - FIXED-LENGTH DATA ELEMENTS--GENERAL INFORMATION
fixed length control field 260410b |||||||| |||| 00| 0 eng d
020 ## - ISBN
International Standard Book Number 9781119790778
Price $ 88.95
040 ## - CATALOGING SOURCE
Original cataloging agency VIVEKANANDA LIBRARY
082 ## - DDC NUMBER
Classification number 647.94068
Book Number H326R(2)
100 ## - MAIN ENTRY--PERSONAL NAME
Personal name Hayes, David K
245 ## - TITLE STATEMENT
Title Revenue management for the hospitality industry
250 ## - EDITION STATEMENT
Edition statement 2nd
260 ## - PUBLICATION, DISTRIBUTION, ETC. (IMPRINT)
Name of publisher, distributor, etc John Wiley
Date of publication, distribution, etc 2022
Place of publication, distribution, etc Croydon
300 ## - PHYSICAL DESCRIPTION
Pages v.
650 ## - Subject
Subject Hotel Management
650 ## - Subject
Subject Hospitality Industry
700 ## - Added Entry Personal Name
Added Entry Personal Name Hayes, Joshua D
700 ## - Added Entry Personal Name
Added Entry Personal Name Hayes, Peggy A
942 ## - ADDED ENTRY ELEMENTS (KOHA)
Koha item type Books
Holdings
Withdrawn status Lost status Source of classification or shelving scheme Damaged status Not for loan Location (home branch) Sublocation or collection (holding branch) Shelving location Date acquired Koha issues (times borrowed) Koha full call number Accession No. Koha date last seen Koha item type
    Dewey Decimal Classification     VIVEKANANDA LIBRARY VIVEKANANDA LIBRARY IHTM Library 21/01/2026   647.94068 H326R(2) 425194 21/01/2026 Books
© Designed and Maintained by Vivekananda Library, MDU Rohtak